Manual de replanteo de curvas : (Record no. 7827)

000 -CABECERA
fixed length control field 01038nam a22002537a 4500
003 - IDENTIFICADOR DEL NÚMERO DE CONTROL
control field AR-CdUCM
008 - DATOS DE LONGITUD FIJA--INFORMACIÓN GENERAL
fixed length control field 190321b ||||| |||| 00| 0 spa d
020 ## - NÚMERO INTERNACIONAL ESTÁNDAR DEL LIBRO
ISBN 84-252-0288-4
040 ## - FUENTE DE LA CATALOGACIÓN
Agencia/entidad que catalogó originalmente la obra MUNICIPALIDAD PROVINCIAL DEL CUSCO
Entidad que transcribió la catalogación BIBLIOTECA MUNICIPAL DEL CUSCO
082 ## - NÚMERO DE LA CLASIFICACIÓN DECIMAL DEWEY
No. de la edición 7ed.
No. de Clasificación 625.11 /
Notacion interna SA26
100 ## - ENTRADA PRINCIPAL--NOMBRE DE PERSONA
Nombre Personal Sarrazín, O.
245 ## - MENCIÓN DE TÍTULO
Título Manual de replanteo de curvas :
Resto del título con y sin arcos de enlace para ferrocarriles, carreteras y canales /
260 ## - PUBLICACIÓN, DISTRIBUCIÓN, ETC.
Lugar de publicación, distribución, etc. Barcelona :
Nombre de la editorial, distribuidor, etc. Gustavo Gili,
Fecha de publicación, distribución, etc. 1974.
300 ## - DESCRIPCIÓN FÍSICA
Nº de Páginas Extensión 304 páginas ;
Otros detalles físicos tablas,
Dimensiones 14 cm.
440 ## - MENCIÓN DE SERIE/PUNTO DE ACCESO ADICIONAL--TÍTULO
Título Edición alemana versión.
Número de la parte/sección de una obra 44
9 (RLIN) 22132
505 ## - NOTA DE CONTENIDO CON FORMATO
Nota de contenido formateada Contenido: Replanteo de arcos de círculo a partir de las tangentes -- Rampas -- Trazado de arco de círculo -- Arcos compuestos -- Replanteo de curvas por coordenadas polares ...
650 ## - PUNTO DE ACCESO ADICIONAL DE MATERIA--TÉRMINO DE MATERIA
Descriptor Replanteo de curvas
9 (RLIN) 22133
650 ## - PUNTO DE ACCESO ADICIONAL DE MATERIA--TÉRMINO DE MATERIA
Descriptor Caminos, tablas
9 (RLIN) 22134
650 ## - PUNTO DE ACCESO ADICIONAL DE MATERIA--TÉRMINO DE MATERIA
Descriptor Matemáticas
9 (RLIN) 9398
700 ## - PUNTO DE ACCESO ADICIONAL--NOMBRE DE PERSONA
Nombre Personal Oberbeck H. (coautor)
9 (RLIN) 22135
700 ## - PUNTO DE ACCESO ADICIONAL--NOMBRE DE PERSONA
Nombre Personal Hofer, Max (completado)
9 (RLIN) 22136
942 ## - ELEMENTOS DE PUNTO DE ACCESO ADICIONAL (KOHA)
Fuente de clasificación
Tipo de item Libros-BMC
945 ## - PROCESAMIENTO DE INFORMACIÓN LOCAL (OCLC)
Catalogador achl
Holdings
Estado de retiro (separado) Fuente de clasificación o esquema de estanterías Estado dañado Ubicación Sala donde se ubica Nombre de la colección Fecha de adquisición o compra Costo, precio normal en soles Signatura topográfica Código de Barras Última vez visto (Koha) Tipo de ítem (Koha)
No     Sala Ciencias Sala Ciencias Book Cart 2019-03-21 20.00 625.11 / SA26 SC0000000848 2019-03-21 Libros-BMC

Powered by Koha